Carpentry and woodworking ; a handbook of tools, materials, methods and directions /

Bibliographic Details
Main Author: Haines, Ray E. (Ray Edward)
Format: Book
Language:English
Published: New York : D. Van Nostrand Co., [1948]
Series:Home mechanic's library.
Subjects:

MARC

Tag First Indicator Second Indicator Subfields
LEADER 00000cam a2200000 4500
001 in00000027659
005 20151007062702.0
008 750819s1948 nyua 00010 eng u
010 |a  48011968  
035 |a (OCoLC)01558446 
035 |9 AAD5550AM 
040 |c DZM  |d OCL  |d TXA  |d UtOrBLW 
049 |a TXAM  |c [456714] 
050 0 0 |a TH5606  |b .H27 
092 |a 694  |b H153c 
100 1 |a Haines, Ray E.  |q (Ray Edward) 
245 1 0 |a Carpentry and woodworking ;  |b a handbook of tools, materials, methods and directions /  |c by Ray E. Haines [and others]. 
264 1 |a New York :  |b D. Van Nostrand Co.,  |c [1948] 
300 |a  vii, 152 pages :  |b illustrations ;  |c 22 cm. 
336 |a text  |b txt  |2 rdacontent 
337 |a unmediated  |b n  |2 rdamedia 
338 |a volume  |b nc  |2 rdacarrier 
490 1 |a The Home mechanic's library 
650 0 |a Carpentry. 
650 0 |a Carpentry  |x Tools. 
830 0 |a Home mechanic's library. 
999 |a MARS 
999 f f |s c474369c-1912-3fa5-b334-b2da81b2496c  |i 8e1aba5f-b549-3cdf-8d22-721816a3e58b  |t 0 
952 f f |p ric  |a Texas A&M University  |b Rellis Campus  |c Joint Library Facility  |d Remote Storage  |t 0  |e TH5606 .H27  |h Library of Congress classification  |i unmediated -- volume  |m A14801140907 
998 f f |a TH5606 .H27  |t 0  |l Remote Storage